Modelo de Ordenaza reguladora de la incorporación de sistemas de captación de energía solar en el municipio / Grupo de Trabajo de Flujos Metabólicos, Xarxa de Ciutats i Pobles cap a la Sostenibilitat
Descripción Física:
15 p. ; 30 cm
MARC
| LEADER | 00000nam a2200000Ia 4500 | ||
|---|---|---|---|
| 001 | 15988 | ||
| 008 | 160829s2002 xx 000 0 cat d | ||
| 080 | |a FU-41-4 | ||
| 245 | |a Modelo de Ordenaza reguladora de la incorporación de sistemas de captación de energía solar en el municipio / Grupo de Trabajo de Flujos Metabólicos, Xarxa de Ciutats i Pobles cap a la Sostenibilitat | ||
| 260 | |a Barcelona : |b Diputació de Barcelona, Àrea de Medi Ambient, |c 2002 | ||
| 300 | |a 15 p. ; |c 30 cm | ||
| 650 | |a Ordenances municipals |9 28545 | ||
| 650 | |a Energia solar |9 31505 | ||
| 710 | |a Barcelona (Catalunya : Província). |b Àrea de Medi Ambient |9 52987 | ||
| 710 | 2 | |a Xarxa de Ciutats i Pobles cap a la Sostenibilitat |9 53477 | |
| 901 | |a Arxiu | ||
| 942 | |n 1 | ||
| 952 | |0 0 |1 0 |4 0 |6 FU414 |7 1 |9 48837 |a Arxiu |b Arxiu |d 2016-12-01 |l 0 |o FU-41-4 |p 15988 |r 2016-12-01 00:00:00 |w 2016-12-01 |y ARXIU | ||
| 999 | |c 52672 |d 52672 | ||